|
|
|
|
| LEADER |
01606nam a2200469 a 4500 |
| 001 |
000566641 |
| 003 |
CZ BrMZK |
| 005 |
20090629082635.0 |
| 007 |
ta |
| 008 |
000115s2001 xr f bcze d |
| 015 |
|
|
|a cnb000889019
|
| 020 |
|
|
|a 80-244-0210-6
|
| 035 |
|
|
|a (OCoLC)48946836
|
| 040 |
|
|
|a BOA001
|b cze
|
| 043 |
|
|
|a e-xr---
|
| 072 |
|
7 |
|a 930
|x Historická věda. Pomocné vědy historické. Archivnictví
|2 Konspekt
|9 8
|
| 072 |
|
7 |
|a 929
|x Biografie
|2 Konspekt
|9 8
|
| 080 |
|
|
|a 929
|2 MRF
|
| 080 |
|
|
|a 930-051
|2 MRF
|
| 080 |
|
|
|a 930
|2 MRF
|
| 080 |
|
|
|a 94(100)
|2 MRF
|
| 080 |
|
|
|a (437.3)
|2 MRF
|
| 080 |
|
|
|a (092)
|2 MRF
|
| 080 |
|
|
|a (048.8)
|2 MRF
|
| 100 |
1 |
|
|a Lach, Jiří,
|d 1971-
|7 jn20000710403
|
| 245 |
1 |
0 |
|a Josef Šusta a Dějiny lidstva /
|c Jiří Lach
|
| 250 |
|
|
|a Vyd. 1.
|
| 260 |
|
|
|a Olomouc :
|b Univerzita Palackého,
|c 2001
|
| 300 |
|
|
|a 181 s. ;
|c 20 cm
|
| 490 |
1 |
|
|a Verbum ;
|v sv. 2
|
| 600 |
1 |
7 |
|a Šusta, Josef,
|d 1874-1945
|7 jk01131739
|2 czenas
|
| 600 |
1 |
4 |
|a Šusta, Josef,
|d 1874-1945.
|t Dějiny lidstva
|
| 650 |
0 |
7 |
|a historici
|7 ph114665
|z Česko
|y 19.-20. stol.
|2 czenas
|
| 650 |
0 |
7 |
|a historiografie
|7 ph114672
|z Česko
|y 19.-20. stol.
|2 czenas
|
| 650 |
0 |
7 |
|a světové dějiny
|7 ph117271
|2 czenas
|
| 655 |
|
7 |
|a biografie
|7 fd131909
|2 czenas
|
| 655 |
|
7 |
|a studie
|7 fd133597
|2 czenas
|
| 830 |
|
0 |
|a Verbum
|0 s
|
| 910 |
|
|
|a BOA001
|b 2-1088.212
|
| 990 |
|
|
|a BK
|
| 996 |
6 |
|
|b 2610138937
|c 2-1088.212
|l MZK
|r Sklad / do 1 hodiny
|n 12
|p p.v.
|w 000566641
|u 000010
|a 1
|e BOA001
|j MZK50
|s P
|
| 996 |
7 |
|
|b 2610140013
|c 2-1088.212
|l MZK
|r Sklad / do 1 hodiny
|n 10
|p kup
|w 000566641
|u 000030
|a 1
|e BOA001
|j MZK50
|s A
|